Países por Altitude Média - Statistics

Estatísticas Gerais
  • Esse quiz foi jogado 111 vezes
  • A pontuação média é 6 de 10
Estatísticas das Respostas
Países Altitude Média % Correto
Nepal 2565 m
92%
China 1840 m
89%
Butão 2220 m
80%
Chile 1871 m
77%
Afeganistão 1884 m
63%
Tadjiquistão 3186 m
59%
Quirguistão 2988 m
55%
Arménia 1792 m
40%
Andorra 1996 m
30%
Lesoto 2161 m
27%
Nenhum quiz correspondente encontrado
Distribuição das Pontuações
Porcentagem de Pessoas com Cada Pontuação
Percentil de Números Respondidos
Sua Pontuação Histórica
Você não jogou esse quiz